Le Roman du Liévre /

Main Author: Jammes, Francis, 1868-1938
Language: French
Published: Paris : Mercure de France, 1946
Physical Description: 300 s.
Book
Saved in:
LEADER 00570nam a22001932a 4500
001 000371927
003 CZ BrMZK
005 20210324122606.0
007 ta
008 980105s1946 fr f fre d
040 |a BOA001  |b cze 
100 1 |a Jammes, Francis,  |d 1868-1938  |7 jn19990003966  |4 aut 
245 1 3 |a Le Roman du Liévre /  |c Francis Jammes 
260 |a Paris :  |b Mercure de France,  |c 1946 
300 |a 300 s. 
910 |a BOA001  |b 1-0189.813 
990 |a BK 
991 |b 202103 
996 7 |b 2619813291  |c 1-0189.813  |l MZK  |r Sklad / do 1 hodiny  |n 5  |w 000371927  |u 000010  |a 1  |e BOA001  |j MZK50  |s A